000 00279nam a22000977a 4500
008 231207b |||||||| |||| 00| 0 eng d
020 _a9789355559715
100 _aMTG
_97733
245 _aMTG CBSE BOARD EXAM 2023-2024 15 SAMPLE PAPERS MATHEMATICS-10
260 _aNEW DELHI
_bMTG
_c2023
999 _c12486
_d12486